| 000 | 00510cam a2200157u 4500 | ||
|---|---|---|---|
| 082 |
_a692.1 _bGRE |
||
| 100 | 1 |
_aGreenhalgh, Richard. [from old catalog] _945251 |
|
| 245 | 1 | 0 | _aBuilding geometry, |
| 260 |
_aLondon, _aNew York [etc.] _bSir I. Pitman & sons, ltd., _c1931. |
||
| 300 |
_avii, 172 p. _billus., fold. pl., diagrs. _c19 cm. |
||
| 526 |
_a0 _b0 _c0 _d692_100000000000000_GRE |
||
| 650 | 0 |
_aArchitectural drawing. _925520 |
|
| 650 | 0 |
_aGeometrical drawing. _92982 |
|
| 650 | 0 |
_aMCE _9379 |
|
| 942 |
_2ddc _cBK |
||
| 999 |
_c548979 _d548979 |
||